| 000 | 00493nam a2200181Ia 4500 | ||
|---|---|---|---|
| 008 | 240925s9999 xx 000 0 und d | ||
| 020 | _a8129710021 | ||
| 082 | _a004.6 ROW | ||
| 100 | _aRowe ,Stanford H; Schuh ,Marsha L. | ||
| 245 | 0 | _aComputer Networking | |
| 250 | _aNA | ||
| 260 |
_aSingapore: _bPearson education _c,2005. |
||
| 300 |
_axvii,715p. _bNA _fPirated |
||
| 500 | _aNA | ||
| 600 | _aComputer Science | ||
| 650 | _aComputer science, information & general works | ||
| 942 | _cBK | ||
| 999 |
_c9593 _d9593 |
||